Copa do Mundo da FIFA de 1962 - Statistics

Estatísticas Gerais
  • Esse quiz foi jogado 159 vezes
  • A pontuação média é 13 de 16
Estatísticas das Respostas
Grupo Time % Correto
Grupo 3 Brasil
100%
Grupo 4 Argentina
93%
Grupo 2 Chile
93%
Grupo 3 Espanha
93%
Grupo 2 Alemanha Ocidental
92%
Grupo 2 Itália
92%
Grupo 3 México
89%
Grupo 1 União Soviética
89%
Grupo 4 Inglaterra
86%
Grupo 1 Iugoslávia
85%
Grupo 1 Uruguai
83%
Grupo 3 Tchecoslováquia
73%
Grupo 4 Hungria
69%
Grupo 2 Suiça
69%
Grupo 4 Bulgária
54%
Grupo 1 Colômbia
54%
Nenhum quiz correspondente encontrado
Distribuição das Pontuações
Porcentagem de Pessoas com Cada Pontuação
Percentil de Números Respondidos
Sua Pontuação Histórica
Você não jogou esse quiz